| 000 | 00469nam a22001697a 4500 | ||
|---|---|---|---|
| 020 | _a9781119668176 | ||
| 082 |
_a658.5 _bREI |
||
| 100 | _aReid, R. Dan | ||
| 245 |
_aOperations management: An integrated approach/ _cR. Dan Reid, Nada R. Sanders |
||
| 250 | _a7th Edition | ||
| 260 |
_aUSA ; _bJon Wiley & sons, _c2020. |
||
| 300 | _axxii, 630 p. | ||
| 504 | _aIncludes Index | ||
| 563 | _aPB | ||
| 650 |
_aOperation Management _9128721 |
||
| 942 |
_2ddc _cBK |
||
| 999 |
_c613606 _d613606 |
||